000 00626nam a2200217Ia 4500
003 OSt
005 20250828141132.0
008 241004s9999 xx 000 0 und d
020 _a9789354791307
037 _aTextbook
040 _aARTS
_beng
_cARTS
041 _aeng
_2eng
084 _aY:495 R2
_qARTS
100 _aUddin Nasir Ed.
_9724704
245 _aRohingya crisis: human rights issues, policy concerns and burden sharing
_cUddin Nasir Ed.
260 _aUSA
_bLos Angeles Sage
_c2022
300 _axxiv,400p.
365 _aINR
_b1450
942 _cTB
_hY:495 R2
_2CC
_n0
999 _c1218855
_d1218855